000 00503nam a2200217Ia 4500
003 OSt
005 20220924134959.0
006 a|||||r|||| 00| 0
007 ta
008 220923b |||||||| |||| 00| 0 ben d
024 _a288108
037 _cTextual
040 _aARTS
_cARTS
_bben
041 _2ben
_aben
082 _aN44, 157N2
100 _aRay
_9104229
245 0 _aShilper pratyhe
260 _c1992
942 _hN44, 157N2
_cTEXL
_2CC
999 _c439315
_d439315